000 00817nam a2200289 a 4500
001 000115447
003 CHAP
005 20220329144535.0
008 190523s2018 mx a |r| ||||||spa d
010 _a111908
011 _a112880
020 _a9786071205193
040 _cCHAP
082 0 4 _a170.7
_bM47
100 1 _aMaza Dueñas, Mafaldo.
_9135711
245 1 0 _aÉtica y valores /
_cpor Mafaldo Maza Dueñas.
260 _aChapingo, Méx. :
_bUACH.,
_c2018.
300 _a159 p. :
_bil.
590 _aBATCH-UPD
_b05
_c20190523
_lUCH01
_h1327
590 _aE5765TAJ
_b05
_c20190523
_lUCH01
_h1327
650 1 4 _aÉtica
_xEstudio y enseñanza.
_9135712
650 1 4 _aValores (filosofía)
_9117673
650 1 4 _aValores sociales
_xEstudio y enseñanza.
_9135713
901 _aBK
942 _cLIBRO
942 _n0
999 _c111908
_d111908